000 01523cam a2200325 i 4500
003 SA-RiAUC
005 20250917130819.0
008 250915s1999 su g 00000 ara c
020 _a9960795381
040 _aSA-RiAUC
_bara
_cSA-RiAUC
_erda
050 4 _b.J36 1999
082 0 4 _a255.1
_qSA-RiAUC
090 _a255.1
_bج م ا
100 1 _aالجماعيلي، عبد الغني بن عبد الواحد بن علي،
_d541-600 هجري
_eمؤلف.
245 1 0 _aتحريم القتل وتعظيمه /
_cتأليف عبد الغني بن عبد الواحد بن علي المقدسي ؛ تحقيق أبو عبد الله عمار بن سعيد تمالت.
250 _aالطبعة الأولى.
264 1 _aالرياض :
_bدار ابن حزم للنشر والتوزيع،
_c1999
300 _a229 صفحة ؛
_c24 سم
336 _aنص
_btxt
_2rdacontent
_3كتاب
337 _aبدون وسيط
_bn
_2rdamedia
338 _aمجلد
_bnc
_2rdacarrier
650 7 _aالقتل في الإسلام
_2aucsh
650 7 _aالأحكام الشرعية
_2aucsh
650 7 _aالكبائر (شريعة إسلامية)
_2aucsh
650 7 _aالعقوبات (فقه إسلامي)
_2aucsh
700 1 2 _iتحقيق لـ :
_aالجماعيلي، عبد الغني بن عبد الواحد بن علي،
_d541-600 هجري.
_tتحريم القتل وتعظيمه
700 1 _aتمالت، عمار بن سعيد
_eمحقق.
942 _2ddc
_cBOOK
_n0
949 _aSA-JeALM
_d250915
_umohamedma123
_n1
999 _c11860
_d11860